NHL Mascots - Statistics

General Stats
  • This quiz has been taken 80 times
  • The average score is 18 of 32
Answer Stats
Team Answer % Correct
Philadelphia Flyers Gritty
78%
Anaheim Ducks Wild Wing
78%
Columbus Blue Jackets Stinger
68%
Chicago Blackhawks Tommy Hawk
68%
Buffalo Sabres Sabretooth
66%
Pittsburgh Penguins Iceburgh
63%
San Jose Sharks S.J. Sharkie
63%
Carolina Hurricanes Stormy
63%
Montreal Canadians Youppi
63%
Detroit Red Wings Al the Octopus
61%
Colorado Avalanche Bernie
61%
Boston Bruins Blades
61%
Edmonton Oilers Hunter
59%
Vegas Golden Knights Chance
56%
Vancouver Canucks Fin
56%
Seattle Kraken Buoy
54%
Toronto Maple Leafs Carlton the Bear
54%
Calgary Flames Harvey the Hound
54%
New Jersey Devils N.J. Devil
54%
New York Islanders Sparky the Dragon
54%
Dallas Stars Victor E. Green
54%
Nashville Predators Gnash
51%
Ottawa Senators Spartacat
51%
Florida Panthers Stanley C. Panther
51%
Los Angeles Kings Bailey
49%
Washington Capitals Slapshot
49%
Tampa Bay Lightning Thunderbug
46%
St. Louis Blues Louie
44%
Winnipeg Jets Mick E. Moose
41%
Minnesota Wild Nordy
41%
Florida Panthers Viktor E. Ratt
22%
Utah Hockey Club Jazz Bear
20%
No matching quizzes found
Score Distribution
Percent of People with Each Score
Percentile by Number Answered
Your Score History
You have not taken this quiz